Jost, François: Introduction to Comparative Literature

Bibliographic Details
Main Author: Gálik, Marián, 1933-2024 (Author)
Format: Article
Language:English

MARC

LEADER 00000nab a2200000ua 4500
001 vtls010842597
003 SK-MaSNL
005 20260304012237.0
008 230222s1978 xo |||||||||||||||||eng|
035 |a (urnnbn)urn:nbn:sk:snk:ar-a06zpm 
035 |a urn:nbn:sk:snk-ab64vp 
035 |a (uuid)974dc387-28a8-4c31-9595-8028fa92cb83 
040 |a SNKBUCL  |b slo  |c SNKBUCL  |e AACR2 
041 0 |a eng 
044 |a xo  |c SK 
100 1 |a Gálik, Marián,  |d 1933-2024  |4 aut  |9 92472 
245 1 0 |a Jost, François: Introduction to Comparative Literature  |c Marián Gálik 
773 0 |t Asian and African studies  |g Roč. 14, č. 1 (1978), s. 196-198 
958 |a OND 
958 |a EUIPO 
958 |a article5 
999 |c 2570708  |d 2572638